Southville International School and Colleges
Your cart is empty.
  • Cart
  • Lists
    Public lists Eva Luna New books Lux_list list_1
    Your lists Log in to create your own lists
  • Log in to your account
  • Your cookies
  • Search history
Southville International School and Colleges
  • Advanced search
  • Recent comments
  • Most popular
  • Libraries

Log in to your account

Log in with GOOGLE


If you do not have an external account, but do have a local account, you can still log in:

  1. Home
  2. MARC view: The prince of Egypt / 
Normal view MARC view ISBD view

The prince of Egypt /  (Record no. 292677)

[ view plain ]
MARC details
000 -LEADER
fixed length control field 00957nam a2200277Ia 4500
008 - FIXED-LENGTH DATA ELEMENTS--GENERAL INFORMATION
fixed length control field 160319s9999 xx 000 0 und d
245 ## - TITLE STATEMENT
Title The prince of Egypt / 
245 ## - TITLE STATEMENT
Statement of responsibility, etc DreamWorks Pictures presents ; directed by Brenda Chapman, Steve Hickner, Simon Wells ; produced by Penney Finkelman Cox, Sandra Rabins ; writer, Philip LaZebnik.
250 ## - EDITION STATEMENT
Edition statement Widescreen format.
260 ## - PUBLICATION, DISTRIBUTION, ETC. (IMPRINT)
Place of publication, distribution, etc Cubao, Quezon City :
260 ## - PUBLICATION, DISTRIBUTION, ETC. (IMPRINT)
Name of publisher, distributor, etc Distributed by Magnavision, Inc.,
260 ## - PUBLICATION, DISTRIBUTION, ETC. (IMPRINT)
Date of publication, distribution, etc 1998
300 ## - PHYSICAL DESCRIPTION
Extent 1 digital video disc (approximately 74 min.) :
300 ## - PHYSICAL DESCRIPTION
Other physical details sound, colored ;
300 ## - PHYSICAL DESCRIPTION
Dimensions 4 3/4 in.
650 ## - SUBJECT ADDED ENTRY--TOPICAL TERM
Topical term or geographic name as entry element Bible. O.T. Exodus --
650 ## - SUBJECT ADDED ENTRY--TOPICAL TERM
Topical term or geographic name as entry element Brothers --
650 ## - SUBJECT ADDED ENTRY--TOPICAL TERM
Topical term or geographic name as entry element Egypt -- History -- Nineteenth dynasty, ca. 1320-1200 B.C. --
650 ## - SUBJECT ADDED ENTRY--TOPICAL TERM
Topical term or geographic name as entry element Moses (Biblical leader) --
650 ## - SUBJECT ADDED ENTRY--TOPICAL TERM
Topical term or geographic name as entry element Ramses II, King of Egypt --
650 ## - SUBJECT ADDED ENTRY--TOPICAL TERM
General subdivision Drama
650 ## - SUBJECT ADDED ENTRY--TOPICAL TERM
General subdivision Drama.
650 ## - SUBJECT ADDED ENTRY--TOPICAL TERM
General subdivision Drama.
650 ## - SUBJECT ADDED ENTRY--TOPICAL TERM
General subdivision Drama.
650 ## - SUBJECT ADDED ENTRY--TOPICAL TERM
General subdivision Drama. 
Holdings
Withdrawn status Lost status Damaged status Home library Current library Date acquired Total Checkouts Barcode Date last seen Price effective from Koha item type
      Stonyhurst Southville International School (Batangas) Stonyhurst Southville International School (Batangas) 03/19/2016   AV-280 03/19/2016 03/19/2016 Audio Visual Materials

The prince of Egypt / 

APA

The prince of Egypt. Cubao, Quezon City: .

Chicago

The prince of Egypt. Cubao, Quezon City: .

Harvard

The prince of Egypt. Cubao, Quezon City: .

MLA

Cubao, Quezon City: . .

  • Place hold
  • Print
  • Cite
  • Add to your cart (remove)
  • Save record
    BIBTEX Dublin Core MARCXML MARC (non-Unicode/MARC-8) MARC (Unicode/UTF-8) MARC (Unicode/UTF-8, Standard) MODS (XML) RIS
  • More searches
    Search for this title in:
    Other Libraries (WorldCat) Other Databases (Google Scholar) Online Stores (Bookfinder.com) Open Library (openlibrary.org)

Exporting to Dublin Core...

SOUTHVILLE LIBRARY

Southville International School and Colleges Library

1281 Tropical Ave. Cor. Luxembourg St., BF Homes International, Las Pinas City

Tel. No. 8256374 / 252358 Loc. 117/146

Powered by Koha